000 00750nam a22002411cc4500
001 a987694409+Band25
003 RU-10907106
005 20221118104017.0
008 200716s1982 gw |||| 000u ger d
020 _a3525563809
_93-525-56380-9
035 _aa987694409
040 _cRU-10907106
_aRU-10907106
_bger
245 0 0 _aKirche im Osten
_nBand 25
246 1 2 _aKirche im Osten : Studien zur osteuropäischen Kirchengeschichte und Kirchenkunde
_nBand 25
264 _aGöttingen :
_bVanderboeck & Ruprecht,
_c1982
300 _a237 Seiten : Karten
650 _aKirche
_93841
650 _aOrthodoxie
_92832
651 _aOsteuropa
700 _4HerausgeberIn
_aHauptmann, Peter
_917092
773 0 8 _wa987694409
_qBand25
942 _cMG
_2z
999 _c31231
_d31231